000 00708nam a2200289Ia 4500
005 20260324145749.0
008 008 260324s9999 xx 000 0 eng d
020 _a9781003408147
037 _aEBOOK
040 _aCRL
040 _beng
040 _cCRL
041 _2eng
041 _aeng
084 _qCRL
100 _aR. Page Arnot
_91224104
245 4 _aThe Miners: One Union, One Industry
245 2 _bA History of the National Union of Mineworkers 1939-46
260 _bTaylor and Francis
260 _c1979
365 _a
365 _b160
856 _uhttp://www.taylorfrancis.com/books/9781003408147
942 _cEBOOK
999 _c1832467
_d1832467